El día del arquero /

Guardado en:
Autor Principal: Sasturain, Juan.
Otros Autores: Fontanarrosa, ilust.
Formato: Libro
Publicado: Buenos Aires : de la Flor, 1986.
Materias:
Etiquetas: Agregar Etiqueta
Sin Etiquetas, Sea el primero en etiquetar este registro!
LEADER 00645nam a22002055a 4500
001 EHU.bham052521
008 250129s1986####ag############000#0#####d
005 20250129082226.0
245 1 0 |a El día del arquero /  |c Juan Sasturain ; ilustraciones de Roberto Fontanarrosa. 
260 |a Buenos Aires :  |b de la Flor,  |c 1986. 
300 |a 79 p. 
020 |a 95051552710 
100 1 |a Sasturain, Juan. 
700 1 |a Fontanarrosa, ilust. 
082 A 8 |a A868.4 Sa252-1 
653 |a Literatura argentina 
653 |a Miscelánea argentina 
653 |a Colección Villar 
653 |a Fútbol 
859 |a AR-BHAM  |b BIB. HUMANIDADES - General  |h A868.4  |i Sa252-1  |p 623.24  |t 1